[Event "Belfort"]
[Site "Belfort"]
[Date "1997.??.??"]
[Round "2"]
[White "Marciano, David"]
[Black "Degraeve, Jean Marc"]
[Result "1/2-1/2"]
[WhiteElo "2470"]
[BlackElo "2540"]
[Annotator "Mikhalevski,V"]
[PlyCount "63"]
[EventDate "1997.10.??"]
[EventType "tourn"]
[EventRounds "10"]
[EventCountry "FRA"]
[EventCategory "13"]
[SourceTitle "CBM 062"]
[Source "ChessBase"]
[SourceDate "1998.01.31"]
[SourceVersion "1"]
[SourceVersionDate "1998.01.31"]
[SourceQuality "1"]

1. e4 e5 2. Nf3 Nc6 3. Nc3 Nf6 4. g3 Bc5 5. Bg2 d6 6. d3 a6 7. O-O Be6 8. Be3
Bxe3 9. fxe3 Ne7 (9... Bg4 10. Qd2 Bxf3 11. Rxf3 Ne7 12. Raf1 c6 13. Nd1 O-O
14. Qe2 Ng6 15. Rxf6 gxf6 16. Qh5 Kh8 17. Nf2 Re8 18. Ng4 Re6 19. Nh6 Qf8 20.
Bh3 Qg7 21. Nf5 Qf8 22. Nh4 Nxh4 23. Bxe6 fxe6 24. Qxh4 Kg7 25. Qg4+ Kf7 26.
Qh5+ Kg7 27. Qg4+ Kf7 28. d4 Qh6 29. Qf3 Ke7 30. c4 Rf8 31. Qe2 Qg5 {- Glek,
I-Gyimesi,Z/BL9697 1996/BL9697}) 10. Nh4 c6 11. d4 Ng6 (11... Qc7 12. a4 d5 13.
exd5 Nfxd5 14. Nxd5 Nxd5 15. Qd2 Ne7 16. a5 O-O 17. Qb4 Rad8 18. Qc5 Qd6 19.
Qxd6 Rxd6 20. dxe5 Rd7 21. Ra4 c5 22. Ra3 h6 23. Rd3 Rc7 24. Rd6 g5 25. Nf3 Nf5
26. Nd2 {Hector,J-Aleksandrov,A/Koge op 1997/EXT 97/ - (43)}) 12. Nf5 Bxf5 (
12... O-O $5 13. Qd3 Qc7 14. Rad1 $14) 13. exf5 Ne7 14. Ne4 $6 (14. Qd3 $142 $5
{/\Rad1}) 14... Ned5 $1 (14... Nxe4 $5 15. Bxe4 Ng8 $1 16. Bg2 Nf6 {see14...
Ned5}) 15. Nxf6+ Nxf6 16. c4 exd4 $5 (16... O-O $5 {/\Re8,ed}) 17. Qxd4 (17.
exd4 O-O 18. Re1 Qb6 $1 {/\Rfe8=/+}) 17... O-O 18. Rad1 Re8 (18... Qa5 $5 19.
Qxd6 Rfe8 $1 (19... Qxa2 $2 20. Qb4) 20. Qd4 (20. e4 {see 18...Rae8}) 20...
Rad8 21. Qa7 (21. Qc3 Qxc3 22. bxc3 Rxd1 23. Rxd1 Rxe3 24. Rd8+ Re8 $15) 21...
Qb4 22. b3 h6 $44) 19. e4 (19. Qxd6 $6 Qxd6 20. Rxd6 Rxe3 21. Rfd1 Rae8 $15) (
19. b4 $142 $1 Qe7 20. Rfe1 Rad8 (20... Ne4 $5 21. Bxe4 Qxe4 22. Qxe4 Rxe4 23.
Rxd6 Rxc4 24. Red1 $140 Re8) 21. e4 $13) (19. Rfe1 $6 Qa5 20. Qxd6 Qxf5) 19...
Qa5 20. Qxd6 Nxe4 $1 21. Bxe4 (21. Qf4 Nf6 $15 {<->e}) 21... Rxe4 $15 {><g1}
22. f6 $1 $132 Qxa2 (22... g6 $5 23. Qd2 $1 Qc5+ $1 24. Kh1 Rxc4 $15) 23. Qd8+
$1 (23. Rf4 Re6 24. Qd8+ Re8 25. Qd4 Qa5 $1 26. fxg7 $140 $2 Rad8) (23. fxg7
Qxc4 $17) 23... Re8 24. Qd4 g6 (24... gxf6 $4 25. Qxf6 Qxc4 26. Rf5 $18) 25.
Qf4 (25. b4 $5 Qb3 $1 26. Qd2 $1 b6 $1 27. Qh6 Qe3+ 28. Qxe3 Rxe3 29. Rd6 Rb3
30. Ra1 $1 h5 31. Ra4 b5 32. cxb5 cxb5 33. Raxa6 Rxa6 34. Rxa6 Rxb4 (34... g5
35. Rd6 $1) 35. Ra8+ Kh7 36. Rf8 g5 37. Rxf7+ Kg6 38. Rf8 Rd4 39. Rb8 {/\Rb6=})
25... Qa5 26. Rd7 $1 Qc5+ 27. Kh1 b5 28. Rxf7 $1 Kxf7 29. Qc7+ Ke6 30. Re1+
Kxf6 (30... Kf5 $4 31. Qf4#) 31. Rf1+ Ke6 32. Re1+ (32. Qf7+ Kd6 $8 (32... Ke5
$2 33. Qf6+ Ke4 34. Qf4+ Kd3 35. Rd1+ Kc2 36. Qd2+ Kb3 37. Qc3+ Ka2 38. b3 $1
$18) 33. Rd1+ (33. Rf6+ Ke5 34. Re6+ $1 Kd4 $8 (34... Rxe6 35. Qf4#) 35. Qf6+ (
35. Qf2+ $4 Kxc4 36. Qc2+ Kb4 $19 (36... Kd4 $4 37. Qe4#)) (35. Qf4+ $2 Kd3 36.
Qe4+ (36. Qf3+ Kc2 37. Qc3+ Kb1 $19) 36... Kd2 37. Qe2+ (37. Qe1+ Kc2 (37...
Kd3 $4 38. Qc3#) 38. Qc3+ Kb1 $19) 37... Kc1 $19) 35... Kxc4 $8 (35... Kd3 $4
36. Qc3#) 36. Qc3+ Kd5 37. Qe5+ Kc4 38. Qc3+ $11) 33... Ke5 34. Re1+ Kd6 35.
Rd1+ Ke5 36. Qc7+ Kf6 37. Rf1+ Ke6 38. Re1+ $11) 1/2-1/2

[Event "Israel op"]
[Site "Tel Aviv"]
[Date "1997.04.20"]
[Round "5"]
[White "Uritzky, Maxim"]
[Black "Mikhalevski, Victor"]
[Result "1/2-1/2"]
[WhiteElo "2460"]
[BlackElo "2535"]
[Annotator "Mikhalevski,V"]
[PlyCount "83"]
[EventDate "1997.04.15"]
[EventType "swiss"]
[EventRounds "9"]
[EventCountry "ISR"]
[SourceTitle "CBM 061"]
[Source "ChessBase"]
[SourceDate "1997.11.23"]
[SourceVersion "1"]
[SourceVersionDate "1997.11.23"]
[SourceQuality "1"]

1. e4 e5 2. Nc3 Bc5 3. g3 Nf6 4. Bg2 O-O 5. d3 Re8 6. Nge2 c6 (6... Nc6 7. O-O
Nd4 8. h3 c6 9. Kh2 Nxe2 10. Qxe2 d5 11. Bg5 dxe4 12. Nxe4 Be7 13. Nxf6+ Bxf6
14. Bxf6 Qxf6 15. f4 Bd7 16. f5 b6 17. Rae1 Rac8 18. Be4 c5 19. h4 Bc6 20. Qg2
Bxe4 21. dxe4 Rcd8 22. Re2 Rd4 23. Kh3 Red8 24. g4 Qd6 25. Rff2 Rd1 26. g5 Qd4
27. g6 hxg6 28. fxg6 fxg6 29. Qxg6 Rh1+ 30. Kg2 Rxh4 31. Rf7 Rh7 32. Ref2 {
1-0 Gaprindashvili,N-Alexandria,N/WchW Pitsunda 1975}) 7. O-O d5 8. exd5 Nxd5 (
8... cxd5 9. Bg5 d4 10. Nd5) 9. Nxd5 cxd5 10. d4 exd4 11. Nxd4 Nc6 $1 12. c3 $2
(12. Nb3 Bb6 13. c3 (13. Bxd5 $6 Nb4 14. c4 (14. Bxf7+ Kxf7 15. Qh5+ Kg8 16.
Bg5 Re5 17. Rfe1 Qxg5 18. Rxe5 Qxh5 19. Rxh5 Nxc2 20. Rc1 Nd4 21. Nxd4 Bxd4 22.
Rd5 Bf6 23. f4 Be6 24. Rd6 Rc8 25. Rxc8+ Bxc8 26. Kg2 Kf7 27. b3 Ke7 28. Rd2 {
1/2-1/2 Bauer,E-Kunz,W/Wuert-ch Stuttgart 1985}) 14... Nxd5 15. Qxd5 Qxd5 16.
cxd5 Bh3 17. Rd1 Re2 18. Be3 $15)) (12. Be3 $11) 12... Bxd4 $1 13. cxd4 Bf5 14.
Be3 Qd7 (14... Be4 $5) 15. Rc1 Be4 16. Rc5 (16. f3 Bb1 $5) 16... b6 17. Rc3 Ne7
$1 18. Qh5 (18. f3 $5) 18... Bxg2 19. Kxg2 Rac8 20. Rfc1 Nf5 (20... Rxc3 $5 21.
Rxc3 Nf5 $15) 21. Rxc8 Rxc8 22. Rxc8+ Qxc8 23. Qg5 f6 24. Qf4 g5 25. Qf3 Qe6
26. h3 Kf7 $6 (26... Kg7 $142) 27. Bxg5 $1 (27. Qh5+ Kg7 28. Qf3 Kg6) 27...
fxg5 (27... Nxd4) 28. g4 Kg6 (28... Qe4 29. gxf5 $8 (29. Qxe4 $2 Nh4+) 29...
Kf6 (29... Qxf3+ 30. Kxf3 h5 31. Kg3 Kf6 32. f4 Kxf5 33. fxg5 Kxg5 $11) 30.
Qxe4 dxe4 31. Kg3 Kxf5 32. d5 $1 (32. h4 $2 gxh4+ $1 33. Kxh4 Ke6 34. Kg5 Kd5
35. Kh6 Kxd4 36. Kxh7 e3 37. fxe3+ Kxe3 $19) (32. a4 $2 h5 33. h4 g4 34. b4 a6
$19) (32. b4 $6 b5 33. d5 h5 $1 (33... h6 $2 34. d6 (34. h4 $2 gxh4+ 35. Kxh4
Ke5 36. Kh5 Kxd5 37. Kxh6 Kd4 (37... Kc4 38. a3 Kb3 39. Kg5 Kxa3 40. Kf4 Kxb4
41. Kxe4 a5 42. f4 a4 43. f5 Kc5 44. Ke5 a3 $19) 38. Kg5 e3 39. fxe3+ Kxe3 40.
Kf5 Kd4 41. Ke6 Kc4 42. Kd6 Kxb4 43. Kc6 a5 44. Kb6 a4 45. Ka6 a3 $19) 34...
Ke6 35. Kg4 Kxd6 36. Kh5 Ke5 37. Kxh6 Kf6 38. Kh7 $11) 34. h4 (34. d6 Ke6 35.
h4 gxh4+ 36. Kxh4 Kxd6 37. Kxh5 Kd5 38. Kg5 (38. Kg4 $2 e3 $1 $19) 38... Kc4
$15) 34... gxh4+ 35. Kxh4 Ke5 36. Kxh5 Kxd5 37. Kg5 (37. Kg4 $2 e3 $1 $19)
37... Kc4 38. Kf5 Kxb4 39. Kxe4 Ka3 40. f4 Kxa2 41. f5 b4 42. f6 b3 43. f7 b2
44. f8=Q b1=Q+ $15) (32. b3 $2 h5 33. h4 g4 $19) 32... h6 (32... h5 33. h4
gxh4+ 34. Kxh4 Ke5 35. Kxh5 Kxd5 36. Kg4 Ke5 $13 (36... Kd4 37. Kf4 $8 b5 38.
b4 $11) (36... e3 37. Kf3 $1 $11) 37. Kg3 (37. f4+ Kd4 38. f5 e3 39. f6 e2 40.
f7 e1=Q 41. f8=Q $15) 37... b5 38. b4 a6 39. a3 (39. Kg2 Kd4 40. Kf1 (40. Kg3
e3 $1 $19) 40... Kc3 41. Ke2 Kxb4 42. Ke3 Ka3 43. Kxe4 Kxa2 $19) (39. f4+ exf3
40. Kxf3 Kd4 41. Ke2 Kc3 $19) 39... Kf5 40. f4 $1 $11) 33. h4 (33. d6 Ke6 34.
Kg4 Kxd6 35. Kf5 Kd5 36. Kg6 Ke5 $1 37. Kxh6 Kf4 38. Kg6 $1 (38. Kh5 $4 Kf3 $19
) 38... g4 $8 39. hxg4 $8 Kxg4 $11) 33... gxh4+ $1 34. Kxh4 Ke5 35. Kh5 Kxd5
36. Kxh6 Kd4 37. Kg5 e3 38. fxe3+ Kxe3 $19) 29. gxf5+ Qxf5 30. Qc3 (30. Qxf5+
$2 Kxf5 $17) 30... g4 $2 $138 (30... Kh5 $5) 31. hxg4 Qxg4+ 32. Kf1 Qd1+ 33.
Kg2 Qg4+ 34. Kf1 Qe4 35. Qg3+ Kf5 36. Qc7 Qh1+ 37. Ke2 Qe4+ 38. Kf1 Qxd4 39.
Qxh7+ Ke6 40. Qh3+ Kd6 41. Qa3+ Ke6 42. Qh3+ 1/2-1/2

[Event "Sigeman & Co 05th"]
[Site "Malmo"]
[Date "1997.06.18"]
[Round "9"]
[White "Hector, Jonny"]
[Black "Sokolov, Ivan"]
[Result "0-1"]
[WhiteElo "2500"]
[BlackElo "2615"]
[Annotator "Mikhalevski,V"]
[PlyCount "68"]
[EventDate "1997.06.10"]
[EventType "tourn"]
[EventRounds "9"]
[EventCountry "SWE"]
[EventCategory "13"]
[SourceTitle "CBM 060"]
[Source "ChessBase"]
[SourceDate "1997.09.29"]
[SourceVersion "1"]
[SourceVersionDate "1997.09.29"]
[SourceQuality "1"]

1. e4 e5 2. Nf3 Nc6 3. Nc3 Nf6 4. g3 Bc5 5. Bg2 d6 6. d3 a6 7. O-O Be6 8. Be3 (
8. h3 h6 9. Be3 Qd7 10. Kh2 Bxe3 11. fxe3 d5 12. exd5 Nxd5 13. Qd2 O-O 14. Nh4
Nxc3 15. Qxc3 Bd5 16. Bxd5 Qxd5 17. Nf5 Rae8 18. e4 Qd7 19. Rf2 Nd4 20. Raf1
Re6 21. Qd2 Rb6 22. b3 Nxf5 23. Rxf5 f6 24. Qg2 Re6 25. h4 Kf7 26. Qd2 Ke8 27.
Qb4 Qb5 28. Qd2 Qb6 29. Qe2 Qc6 30. a4 Kd8 31. R1f2 Kc8 32. Qg4 Qd7 {Rodriguez
Talavera,J-Korneev,O/Sevilla op 1994/1/2-1/2 (102)}) 8... Bxe3 (8... Qd7 9.
Bxc5 (9. d4 exd4 10. Nxd4 Bh3 11. Nd5 Nxd5 12. exd5 Bxg2 13. Kxg2 Nxd4 {
1/2-1/2 Lima,D-Rodriguez,A/Capablanca mem 1995}) 9... dxc5 10. Qd2 h6 11. Nh4
c4 12. Na4 O-O-O 13. Nc5 Qd4 14. Nxe6 fxe6 15. Nf3 Qxb2 16. Rfb1 Qa3 17. Qe3
Ng4 18. Qe2 Rhf8 19. h3 Nf6 20. Rd1 g5 21. d4 exd4 22. Qxc4 e5 23. Rab1 Nd7 24.
Rb3 Qe7 25. Rb2 Rf6 26. Ne1 Rdf8 27. Nd3 Nb6 $17 {0-1 Gadia,O-Letelier Martner,
R/Havana Panamerican 1966 (40)}) (8... Qc8 9. Bxc5 dxc5 10. Nh4 Qd8 11. Nf5 O-O
12. Ne3 Ne8 13. f4 f6 14. Ncd5 Kh8 15. c3 Nd6 16. fxe5 Nxe5 17. d4 cxd4 18.
cxd4 Nec4 19. b3 Nxe3 20. Nxe3 c6 21. Kh1 Re8 22. Qc2 Bf7 23. Rae1 Qd7 24. Bf3
Rad8 25. Qg2 Bg6 26. Nc2 Nb5 27. d5 Re5 28. a4 Nc7 29. Ne3 cxd5 30. Nxd5 Rde8
31. Nf4 Qf7 32. Qc2 Ne6 33. Nd3 {Hector,J-Slobodjan,R/BL2-N 1996/1/2-1/2 (71)})
(8... O-O 9. Bxc5 dxc5 10. Ng5 Qd6 11. Nxe6 fxe6 12. a4 Rad8 13. b3 Nd4 14. a5
Nd7 15. Nb1 Nb8 16. Nd2 Nbc6 17. Nc4 Qe7 18. c3 Nb5 19. Qd2 g5 20. Rfc1 Kg7 21.
Qe3 h6 22. Ra2 Rd7 23. Bf1 Rdd8 24. Be2 Kg6 25. Nd2 Rf7 26. Nf3 Rdf8 27. Bd1
Kh7 28. h3 Rg7 29. Nh2 Kg6 30. Bg4 Rh8 31. Kg2 Rd8 32. Qf3 Kh7 33. Bh5 {
Glek,I-Kuzmin,A/Biel op 1995/1-0 (57)}) 9. fxe3 Qd7 (9... Bg4 10. Qd2 Bxf3 11.
Rxf3 Ne7 12. Raf1 c6 13. Nd1 O-O 14. Nf2 Rc8 15. Bh3 Rc7 16. Qa5 Ng6 17. c4 Re7
18. Qa3 Qc7 19. b4 Rd8 20. Rc1 Nf8 21. Bg2 Ne6 22. h4 a5 23. Rb1 axb4 24. Rxb4
Nc5 25. Rb1 Ree8 26. Qc1 Ra8 27. Rb2 Ra3 28. Qb1 Qa5 29. g4 Ra8 30. g5 Nfd7 31.
d4 Ne6 32. Rxb7 Rxa2 33. Kh2 Ra1 34. Qb2 Ra2 35. Qb1 Ra1 36. Qb2 Ra2 37. Qb1 {
1/2-1/2 Glek,I-Gyimesi,Z/Vienna op 1996}) 10. d4 $146 (10. Nh4 Ne7 11. Qf3 Bg4
12. Qf2 c6 13. Na4 Qc7 14. c4 Be6 15. Nf5 Nxf5 16. exf5 Bd7 17. h3 c5 18. Nc3
Bc6 19. g4 h6 20. Qg3 Rd8 21. Rac1 Qe7 22. Rf2 Bxg2 23. Qxg2 e4 24. dxe4 b5 25.
cxb5 axb5 26. Nxb5 O-O 27. Nc3 Rfe8 28. g5 hxg5 29. Qxg5 Nxe4 30. Nxe4 Qxe4 31.
f6 Qh7 32. fxg7 Qxg7 33. Qxg7+ Kxg7 34. Rg2+ Kf8 35. Kf2 Ra8 36. a3 {1/2-1/2
Romero Holmes,A-Winants,L/Wijk op 1995}) 10... Bg4 11. Qd3 (11. dxe5 $6 Bxf3 $1
$15 (11... dxe5 12. Qxd7+ Nxd7 13. Nd5 $14) (11... Nxe5 12. Nxe5 dxe5 13. Qxd7+
Nxd7 14. Nd5 Rc8 $11)) 11... O-O 12. Nh4 (12. Rf2 $5 {/\Raf1,Nh4}) 12... Ne7 $5
13. Nf5 (13. dxe5 dxe5 14. Nf5 Bxf5 (14... Qxd3 $4 15. Nxe7+ $18) 15. exf5 Qxd3
16. cxd3 c6 $11 {><d3}) 13... Bxf5 (13... Nxf5 $2 14. exf5 exd4 15. exd4 {><g4}
) 14. exf5 exd4 15. exd4 c6 $14 16. Qf3 $6 (16. Ne4 $5 Ned5 $1 {[]} (16... Nxe4
$6 17. Bxe4 d5 18. Bg2 f6 19. Rae1 {><e6;+=/+/-}) 17. Rae1 Nxe4 18. Bxe4 Nf6
19. Bg2 Rfe8 20. c4 $14 {()}) 16... Ned5 $5 17. Nxd5 cxd5 $1 {<=> ><e4,<->c}
18. Qb3 $6 (18. c3 $5 {/\Rae1,g4,Qf4,g5}) 18... Qc6 19. Rf3 (19. Rae1 $5) 19...
b5 20. a4 $6 (20. Re1 $5 Rfe8 21. Rfe3 {<->e}) 20... Rab8 $1 $132 {<->b} 21.
axb5 (21. a5) 21... Rxb5 22. Qc3 (22. Qa4 Qb6 $1 23. b3 Rb4 24. Qxa6 Qxd4+ 25.
Kh1 Ne4 $36) 22... Qb6 (22... Qxc3 $143 $6 23. Rxc3 (23. bxc3 Rb2 $1 24. Rxa6
Ne4 $1 $11) 23... Rxb2 24. Rxa6 $14 {><d6,d5}) 23. b3 a5 $5 {/\Rb4} 24. Rf4 Rb4
25. Re1 h6 26. g4 $6 (26. Qd3 $5) 26... a4 27. bxa4 Rc4 (27... Rxa4 $5 $15 {
><d4,<->c}) 28. Qd3 (28. Qb3 Qa5 (28... Qc7 $5 {/\Rb8})) 28... Qa5 $1 $15 29.
Re2 (29. Ra1 Rfc8 30. h3 $5 Rxc2 31. Rf2 Rxf2 32. Kxf2 Rc4 $17) 29... Qxa4 30.
h4 Rfc8 $17 31. g5 Nh5 $1 (31... hxg5 32. hxg5 Nh5 33. Rh4 Rc3 34. Qd1 Ng3 35.
g6 $1 $132) 32. Rg4 hxg5 33. Bxd5 $2 (33. Rxg5 $4 Nf4) (33. hxg5 $142 Rc3 $1
34. Qd1 Ng3 $1 $17) 33... Rxc2 $19 {><g1} 34. hxg5 Rxe2 0-1

[Event "Capablanca Memorial Elite 34th"]
[Site "Havana"]
[Date "1999.05.13"]
[Round "6"]
[White "Comas Fabrego, Luis"]
[Black "Morovic Fernandez, Ivan"]
[Result "0-1"]
[WhiteElo "2541"]
[BlackElo "2613"]
[Annotator "Mikhalevski,V"]
[PlyCount "42"]
[EventDate "1999.05.??"]
[EventType "tourn"]
[EventRounds "13"]
[EventCountry "CUB"]
[EventCategory "12"]
[SourceTitle "CBM 071"]
[Source "ChessBase"]
[SourceDate "1999.08.01"]
[SourceVersion "1"]
[SourceVersionDate "1999.08.01"]
[SourceQuality "1"]

1. e4 e5 2. Nf3 Nc6 3. Nc3 Nf6 4. g3 Bc5 5. Bg2 d6 6. h3 O-O 7. d3 a6 8. O-O
Be6 9. Be3 $6 {A novelty and the first cause of future difficulties.} (9. a3 h6
10. Be3 Bxe3 11. fxe3 d5 12. exd5 Nxd5 13. Qe1 Qd7 14. g4 Nxc3 15. Qxc3 Rae8
16. Nh4 Bd5 17. Bxd5 Qxd5 18. Nf5 f6 19. Rf2 Kh7 20. Raf1 $14 {1/2-1/2 Vallejo
Pons,F-Podgaets,M/Havana CUB 1999 (30)}) (9. Kh2 {is the main line.}) 9... Bxe3
10. fxe3 d5 $1 11. exd5 (11. Ng5 d4 12. Nxe6 fxe6 13. exd4 Nxd4 $15 {[%cal
Gc7c5,Gd8d6]}) 11... Nxd5 12. Nxd5 Bxd5 13. e4 $2 {[%csl Rg2][%mdl 16384]
White should refrain from this move as long as possible.} (13. Nh4 $142 $1)
13... Be6 $15 {Now weak black squares and better bishop secure Black's
advantage.} 14. Kh2 Qd6 $1 {[%mdl 32] preparing Ne7 and then c7-c5.} 15. Nh4
Ne7 16. Nf5 Qd7 17. Qg4 {This move can be done only in the case White provokes
g6 and then exchanges knights,but shouldn't be followed by 18.Nh6?!} (17. Qh5 {
[%cal Gf5e7] is senceless in view of} f6) 17... g6 18. Nh6+ $6 {A dubious
adventure.} ({After} 18. Nxe7+ Qxe7 $15 {Black is better.His plan is very
clear.He is going to prepare c4 while White has no any active idea and must
submit with the role of defender.}) (18. Qg5 $5 f6 (18... Nxf5 19. exf5 Bxf5
20. g4 $1 (20. Bxb7 Rab8 $17) 20... f6 21. Qh4 $1 g5 22. Qg3 Be6 23. Bxb7 $13)
(18... Bxf5 $6 19. exf5 Nxf5 20. Bxb7 Rab8 (20... f6 $6 21. Qg4 Rab8 $140 $2
22. Be4) 21. Be4) 19. Nxe7+ Qxe7 20. Qe3 c5 $15) 18... Kg7 19. Qh4 f6 {Black
has been preparing a nice hidden trap.He intends to play 20...Qe8 threatening
g5 and White will have to give a piece up.Otherwise White's queen will be
traped.} 20. Rf2 $4 {[%mdl 8192] White is falling down to afore-mentioned trap
and loses the game.} ({White should already think about saving his skin or by
means of} 20. g4 g5 $1 (20... Qe8 $6 {[%cal Gg6g5]} 21. g5) 21. Qh5 Bf7 $5 (
21... Ng6 22. Nf5+ Bxf5 23. gxf5 Nf4 $17) 22. Nxf7 Rxf7 $17 {[%cal Ge7g6,Gg6f4]
} 23. h4 $140 h6 {and White has to start sacrifice pawns} 24. d4 {to save his
queen}) ({or} 20. Ng4 {in order to save the knight retreating to e3 and then
g4 saving the queen.} Ng8 $1 (20... Bxg4) 21. Nf2 $8 {and White is still alive.
} (21. Ne3 $2 Qd4 22. Nd1 h5 $1 {[%csl Rh4][%cal Gg8e7,Gg6g5,Gg5g4,Rf8h8]
preparing Ne7,then g5-g4 and Rh8 will be unavoidable. White's queen again
feels unsafe.For instance:} 23. Bf3 g5 $1 24. Qxh5 Ne7 {[%cal Gf8h8]} 25. Bg2 (
25. Bg4 Bf7 {[%csl Rh5]}) 25... g4 $1 $19 {[%cal Gf8h8]})) 20... Qe8 $1 $19 {
[%csl Rh4,Rh6][%cal Gg6g5] Suddenly White loses a piece.} 21. Ng4 (21. g4 g5
$19 {[%csl Rh6]}) 21... Ng8 $1 {[%csl Rh4][%cal Gg6g5]} (21... Ng8 $1 22. Raf1
g5 23. Nxf6 gxh4 24. Nxe8+ Raxe8 $19) 0-1

[Event "Tan Chin Nam Cup 3rd "]
[Site "Beijing"]
[Date "1997.08.12"]
[Round "3"]
[White "Ye, Jiangchuan"]
[Black "Sermek, Drazen"]
[Result "1/2-1/2"]
[WhiteElo "2530"]
[BlackElo "2565"]
[Annotator "Mikhalevski,V"]
[PlyCount "48"]
[EventDate "1997.08.11"]
[EventType "tourn"]
[EventRounds "11"]
[EventCountry "CHN"]
[EventCategory "12"]
[SourceTitle "CBM 061"]
[Source "ChessBase"]
[SourceDate "1997.11.23"]
[SourceVersion "1"]
[SourceVersionDate "1997.11.23"]
[SourceQuality "1"]

1. e4 e5 2. Nf3 Nc6 3. Nc3 Nf6 4. g3 Bc5 5. Bg2 d6 6. d3 a6 7. O-O O-O 8. h3 h6
9. Nh4 Be6 10. Be3 Bxe3 11. fxe3 Ne7 (11... g6 12. Kh2 Nh7 13. d4 Bd7 14. Nd5
Kg7 15. c3 f6 16. Rc1 Ne7 17. c4 c6 18. Nc3 Qc7 19. c5 dxc5 20. dxc5 Be6 21.
Qa4 Rad8 22. Rcd1 Ng5 23. Rf2 Qc8 24. g4 h5 25. Nf5+ gxf5 26. exf5 {Biro,
S-Lukacs,P/Zalakaros op 1996/EXP 52/1/2-1/2 (43)}) 12. Rxf6 (12. Nf5 Nxf5 13.
exf5 Bc8 $11) 12... gxf6 13. Qh5 Kg7 14. Rf1 (14. Nf5+ $6 Bxf5 15. exf5 d5 $17)
(14. Nd5 $6 c6 15. Nxe7 (15. Nxf6 $2 Kxf6 16. Qxh6+ Ng6 17. Rf1+ Ke7 $19) 15...
Qxe7 $17) 14... c6 15. Kh2 Rg8 16. d4 Rc8 (16... Bc4 $6 17. Rf2 exd4 $6 18.
exd4 Qb6 $2 19. e5 $1 dxe5 20. Rxf6 $1 Ng6 $8 (20... Rh8 21. Bd5 $1 $18) 21.
Ne4 $18) 17. Qf3 Ng6 18. Nf5+ Bxf5 19. exf5 Nf8 {'=/+' Mikhalevski,V.} 20. d5 (
20. Rd1 d5) 20... Nd7 21. Rd1 c5 (21... Nb6 $5 22. dxc6 bxc6 23. Ne4 d5 24.
Qg4+ Kh7 25. Qh4 Nd7 26. Nf2 (26. Nd6 $2 Rb8 27. Nxf7 Qf8 $19) 26... Rg5 27. c4
Nb6 28. cxd5 cxd5 29. Ne4 (29. Ng4 h5 30. Bxd5 $2 Rc2+ $17) 29... Rxf5 (29...
Qe7) 30. Qg4 Qd7 31. Nd6 Rf2 32. Qxd7 Rxg2+ 33. Kxg2 Rc2+ 34. Kf3 Nxd7 35. Rxd5
$11) 22. Ne4 Qb6 23. c4 Kf8 24. Rd3 Ke7 {'=/+' Mikhalevski,V.} 1/2-1/2

[Event "Interpolis-03"]
[Site "Tilburg"]
[Date "1979.11.11"]
[Round "8"]
[White "Spassky, Boris Vasilievich"]
[Black "Karpov, Anatoly"]
[Result "1/2-1/2"]
[WhiteElo "2640"]
[BlackElo "2705"]
[Annotator "Parma,B"]
[PlyCount "58"]
[EventDate "1979.11.01"]
[EventType "tourn"]
[EventRounds "11"]
[EventCountry "NED"]
[EventCategory "15"]
[SourceTitle "MCL"]
[Source "ChessBase"]
[SourceDate "1999.07.01"]
[SourceVersion "1"]
[SourceVersionDate "1999.07.01"]
[SourceQuality "1"]

1. e4 e5 2. Nc3 Nf6 3. g3 d5 4. exd5 Nxd5 5. Bg2 Nxc3 6. bxc3 Bd6 7. Ne2 $5 (7.
Nf3) 7... O-O 8. O-O c6 9. d3 Nd7 10. f4 {/\f5} exf4 11. Bxf4 Ne5 $1 12. Rb1
Rb8 13. c4 $14 Bg4 14. h3 Bxe2 15. Qxe2 Ng6 $1 16. Bxd6 Qxd6 17. Qf2 f5 18. c5
$1 Qc7 19. Rbe1 Rf6 20. Bf3 $1 (20. Re2 $2 f4 21. g4 f3 $17) 20... Rbf8 21. d4
b6 22. cxb6 axb6 23. Re2 Qd8 24. Rfe1 f4 25. g4 Rd6 26. c3 Nh4 27. Re7 Nxf3+ (
27... g5 28. Be4) 28. Qxf3 Qa8 (28... c5 29. Qb7 Rg6 30. R1e6 $14) 29. R1e2 c5
(29... c5 30. Qxa8 Rxa8 31. dxc5 bxc5 32. Rc7 $14) 1/2-1/2

[Event "Bundesliga 1112"]
[Site "Germany"]
[Date "2011.11.19"]
[Round "4.7"]
[White "Glek, Igor Vladimirovich"]
[Black "Bindrich, Falko"]
[Result "1/2-1/2"]
[WhiteElo "2408"]
[BlackElo "2548"]
[Annotator "RR"]
[PlyCount "142"]
[EventDate "2011.10.14"]
[EventType "team-tourn"]
[EventRounds "15"]
[EventCountry "GER"]
[SourceTitle "CBM 146"]
[Source "ChessBase"]
[SourceDate "2012.01.18"]
[SourceVersion "1"]
[SourceVersionDate "2012.01.18"]
[SourceQuality "1"]
[WhiteTeam "Katernberg"]
[BlackTeam "Eppingen"]
[WhiteTeamCountry "GER"]
[BlackTeamCountry "GER"]

1. e4 e5 2. Nf3 Nc6 3. Nc3 Nf6 4. g3 Bc5 5. Bg2 d6 6. d3 a6 7. O-O h6 8. a3 O-O
9. b4 Ba7 10. Be3 Nd4 11. h3 Bd7 12. Bxd4 exd4 13. Ne2 c5 14. bxc5 dxc5 15. Ne5
Re8 16. f4 Rc8 17. Kh2 Bb8 18. Nxd7 Qxd7 19. c4 dxc3 20. Nxc3 Rcd8 21. e5 Qxd3
22. Qxd3 Rxd3 23. Rf3 Rxf3 24. Bxf3 b5 25. Bb7 Nh5 26. Bxa6 b4 27. axb4 cxb4
28. Nd5 Rd8 29. Rd1 Kf8 30. Be2 g6 31. Nxb4 Rxd1 32. Bxd1 Ng7 33. Nc6 Bc7 34.
Bg4 Bb6 35. Bd7 Bc7 36. Kg2 h5 37. Kf3 Bb6 38. g4 hxg4+ 39. hxg4 Bc7 40. Ke4
Bb6 41. Nb4 Ba5 42. Nd5 Be1 43. f5 gxf5+ 44. gxf5 Bf2 45. Nf4 Be1 46. Ng2 Bc3
47. Nf4 Bb2 48. Ba4 Bc3 49. Nd5 Bb2 50. Nf6 Ba1 $6 (50... Bc1 51. Bb5 Bd2 $16)
51. Nd7+ $6 (51. Nh7+ Kg8 52. Ng5 $18) 51... Ke8 $16 52. Bb5 $2 (52. Nf6+ Kf8
53. Nh7+) 52... Bb2 53. Nb6+ Kf8 54. Nc4 Bc3 55. Nd6 Nh5 56. Bc4 Ng3+ 57. Kf4
$6 (57. Kd5 Ba1 58. Bd3 $18) 57... f6 $11 58. Nf7 Nxf5 59. Kxf5 fxe5 60. Ng5
Ke7 61. Ne4 Bd4 62. Ba2 Bb2 63. Nd2 Bc3 64. Nc4 Bd4 65. Ke4 Bc3 66. Ne3 Bd4 67.
Ng4 Bb2 68. Kf5 Bd4 69. Nf6 Ba1 70. Nd5+ Kd6 71. Ke4 Bd4 1/2-1/2